000 00703nam a2200229Ia 4500
001 10156
003 GE_BSU
008 181216s||||||||xx |||||||||||||| ||und||
040 _cGE_BSU
080 _a821.353.1–32
100 _aსხირტლაძე,გურამ
245 _aბებერი ცაცხვი
245 _bმოთხრობა
245 _cრედ.ლაბაძე.მხატვ.ბ.მჭედლიშვილი
260 _aთბილისი
260 _bნაკადული
260 _c1970
300 _a111გვ.16სმ.
653 _aბებერი ცაცხვი
653 _aმოთხრობა
942 _cBK
999 _c43426
_d43426